书目信息 |
| 题名: |
同等学力人员申请硕士学位英语统考标准训练教程
|
|
| 作者: | 纪飞 , 刘乃亚 主编 | |
| 分册: | ||
| 出版信息: | 北京 国防工业出版社 2005.07 |
|
| 页数: | 420页 | |
| 开本: | 26cm | |
| 丛书名: | ||
| 单 册: | ||
| 中图分类: | H31 | |
| 科图分类: | ||
| 主题词: | 英语--ying yu--研究生--统一考试--自学参考资料 | |
| 电子资源: | ||
| ISBN: | 7-118-03866-0 | |
| 000 | 00974nam0 2200241 450 | |
| 001 | 012006956807 | |
| 005 | 20060626162646.79 | |
| 010 | @a7-118-03866-0@dCNY35.00 | |
| 100 | @a20060612d2005 km y0chiy0120 ea | |
| 101 | 0 | @achi@aeng |
| 102 | @aCN@b110000 | |
| 105 | @ay z 000yy | |
| 200 | 1 | @a同等学力人员申请硕士学位英语统考标准训练教程@Atong deng xue li ren yuan shen qing shuo shi xue wei ying yu tong kao biao zhun xun lian jiao cheng@f纪飞, 刘乃亚主编@Fji fei,liu nai ya zhu bian |
| 210 | @a北京@c国防工业出版社@d2005.07 | |
| 215 | @a420页@d26cm | |
| 330 | @a本书是根据《同等学力人员申请硕士学位英语水平全同统一考试大纲》 ( 第四版 ) 的要求, 并参考了近几年相关考试的试题题型而编写。 | |
| 333 | @a本书的主要读者对象为同等学力申请硕士学位的考生。 | |
| 606 | 0 | @a英语@Aying yu@x研究生@x统一考试@j自学参考资料 |
| 690 | @aH31@v4 | |
| 701 | 0 | @a纪飞@Aji fei@4主编 |
| 701 | 0 | @a刘乃亚@Aliu nai ya@4主编 |
| 801 | 0 | @aCN@bQSSK@c20060626 |
| 905 | @a10447@dH31@eJ132 | |
| 同等学力人员申请硕士学位英语统考标准训练教程/纪飞, 刘乃亚主编.-北京:国防工业出版社,2005.07 |
| 420页;26cm |
| 使用对象:本书的主要读者对象为同等学力申请硕士学位的考生。 |
| ISBN 7-118-03866-0:CNY35.00 |
| 本书是根据《同等学力人员申请硕士学位英语水平全同统一考试大纲》 ( 第四版 ) 的要求, 并参考了近几年相关考试的试题题型而编写。 |
| ● |
| 相关链接 |
|
|
|
正题名:同等学力人员申请硕士学位英语统考标准训练
索取号:H31/J132
 
预约/预借
| 序号 | 登录号 | 条形码 | 馆藏地/架位号 | 状态 | 备注 |
| 1 | 586507 | 205865072 | 语言库209/209语言库 82排3列3层/ [索取号:H31/J132] | 在馆 | |
| 2 | 586508 | 205865081 | 语言库209/209语言库 82排3列3层/ [索取号:H31/J132] | 在馆 | |
| 3 | 586509 | 205865090 | 语言库209/209语言库 82排3列3层/ [索取号:H31/J132] | 在馆 |